| 000 | 01029nam0a2200301 4500 | ||
|---|---|---|---|
| 001 | RU\NLR\bibl\1317676 | ||
| 005 | 20250615155855.0 | ||
| 010 |
_a978-5-98227-344-4 _91000 |
||
| 021 |
_aRU _b2008-91891 _95379 |
||
| 035 | _a(NLR Aleph) 001303048 | ||
| 090 |
_a631559 _c631559 |
||
| 100 | _a20090120d2008 |||y0rusy50 ca | ||
| 101 | 0 | _arus | |
| 102 | _aRU | ||
| 105 | _ay ||||||||| | ||
| 200 | 1 |
_aПсихология нарциссической личности _eВнутренний ребенок и самооценка _fК. Аспер |
|
| 210 |
_aМосква _cДобросвет _cКДУ _d2008 |
||
| 215 |
_a365 с. _d20 |
||
| 225 | 1 | _aГлубинная психология и психоанализ | |
| 606 | 1 |
_aНарциссизм _xПсихоанализ _91719718 _3RU\NLR\auth\66767303 |
|
| 686 | _aЮ948.45-953.6 | ||
| 700 | 1 |
_aАспер _bК. _gКатрин _4070 |
|
| 801 | 0 |
_aRU _bNLR _c20090120 _gRCR |
|
| 801 | 1 |
_aRU _bNLR _c20090120 |
|
| 942 | _cBOOK | ||
| 980 | _aNB | ||